| 000 | 00790cam a22001934a 4500 | ||
|---|---|---|---|
| 005 | 20250605163935.0 | ||
| 008 | 250528s ||||||||||||||||||||||||d | ||
| 035 | _a14848 | ||
| 020 | _a803985762 | ||
| 040 |
_aGR-AtMCL _bgre _dGR-AtMCL _eAACR2 |
||
| 245 | 1 | _aThe Media in Western Europe / The Euromedia Handbook | |
| 260 |
_bSage Publications, _c1993 |
||
| 300 | _a276 | ||
| 520 | _aThis is an up-to-date and comprehensive guide to the media throughout Western Europe. Notes on Contributors, Introduction, Austria, Belgium, Denmark, Finland, France, Germany, Greece, Ireland, Italy, Luxemburg, The Netherlands, Norway, Portugal, Spain, Sweden, Switzerland, The United Kingdom, Index. | ||
| 700 | 1 |
_aOstergaard Bernt Stubbe _9620 |
|
| 942 | _cBK | ||
| 999 |
_c459 _d459 |
||